Snow (Hey Oh) - Red Hot Chili Peppers - All Lyrics - Statistics

General Stats
  • This quiz has been taken 222 times
  • The average score is 402 of 504
Answer Stats
Answer % Correct
Ho!
100%
oh
100%
(Oh)
100%
oh,
100%
Oh,
100%
(Uh-uh)
100%
whoa
100%
I
99%
Hey,
98%
hey,
98%
Hey
98%
hey
98%
hey-
98%
yeah
98%
yeah!
98%
the
97%
The
97%
a
96%
what
95%
to
94%
it
91%
say,
91%
Come
90%
come
90%
go
90%
snow
90%
that
90%
be
89%
Listen
88%
listen
88%
more
88%
my
88%
on
87%
on,
87%
in
86%
In
86%
When
86%
when
86%
where
86%
Now
85%
now
85%
we
84%
it's
83%
know
83%
of
83%
so
83%
And
82%
and
82%
as
81%
get
81%
see
81%
see,
81%
let
80%
less
79%
life
79%
white
79%
things
78%
All
77%
all
77%
another
77%
do
77%
need
77%
will
77%
just
76%
Just
76%
decide
75%
believe
74%
cover
74%
high
74%
really
74%
you
73%
perfect
71%
wonder
71%
got
70%
sky
70%
were
70%
like
68%
there's
68%
tried
68%
your
68%
nowhere
67%
rely
65%
sea
65%
me,
63%
sacrifice
63%
this
63%
time
62%
from
61%
look
61%
Look
61%
not
61%
Step
61%
better
60%
road
59%
inside?
58%
beneath
57%
by
57%
concealed
57%
little
57%
love
57%
tracks
57%
said,
56%
down
55%
hear
55%
leave
55%
back
54%
between
54%
But
54%
Deep
54%
than
54%
before
53%
can't
53%
chance
53%
play
53%
Tell
52%
myself
51%
broken
50%
killing
50%
ride
50%
through
50%
undecided
50%
up,
50%
up
50%
world
50%
alone,
49%
lay
49%
at
48%
divided
48%
field
48%
have
48%
well
48%
sit
47%
friend
46%
out
46%
Running
46%
for
44%
channels
42%
sing
42%
I'm
41%
known
41%
once
41%
ring
38%
bring
37%
gonna
35%
amend
32%
Privately
30%
descend
26%
No matching quizzes found
Score Distribution
Percent of People with Each Score
Percentile by Number Answered
Your Score History
You have not taken this quiz